| 000 | 01117nam a22002777a 4500 | ||
|---|---|---|---|
| 999 |
_c113369 _d113369 |
||
| 003 | dpl | ||
| 005 | 20181116125634.0 | ||
| 008 | 181116b ||||| |||| 00| 0 eng d | ||
| 010 | _aA-775184 | ||
| 020 |
_c80.00 _a818586571 |
||
| 035 | _aA-775184, A-775214 | ||
| 037 | _bCen Lib/Ret | ||
| 040 |
_aDPL _bHN _c0 |
||
| 082 |
_aउ _bदीपच |
||
| 100 |
_aदीपचन्द्र निर्मोही _945019 |
||
| 245 |
_aऔर कितने अँधेरे / _cदीपचन्द्र निर्मोही |
||
| 246 |
_aAur kitne andhere / _bby Deepchndra Nirmohi |
||
| 260 |
_aदिल्ली _bश्याम पुस्तक सदन _c1995 |
||
| 270 |
_aए-2,/71-बी, केशव पुरम, लारेंस रोड _bदिल्ली _e110035 |
||
| 300 |
_a94पृ. _c21सेमी (सजिल्द) |
||
| 650 |
_aहिन्दी साहित्य _951930 |
||
| 650 |
_aहिन्दी उपन्यास _951931 |
||
| 650 |
_aHindi literature _951932 |
||
| 650 |
_aHindi novel _951933 |
||
| 942 |
_2ddc _cHN _hउ _mदीपच |
||